The Biscayan Verb / (Record no. 57392)

MARC details
000 -LEADER
campo de control de longitud fija 00549nam a2200181 i 4500
001 - NÚMERO DE CONTROL
campo de control 57392
003 - IDENTIFICADOR DE NÚMERO DE CONTROL
campo de control ES-MaACL
005 - FECHA Y HORA DE LA ÚLTIMA TRANSACCIÓN
campo de control 20230906163552.0
007 - CAMPO FIJO DE DESCRIPCIÓN FÍSICA--INFORMACIÓN GENERAL
campo de control de longitud fija t|
008 - DATOS DE LONGITUD FIJA--INFORMACIÓN GENERAL
campo de control de longitud fija 031016s1915 xxk ||||1| eng d
100 1# - ENTRADA PRINCIPAL--NOMBRE DE PERSONA
Nombre de persona Dodgson, Edward Spencer.
9 (RLIN) 44974
245 14 - MENCIÓN DEL TÍTULO
Título The Biscayan Verb /
Mención de responsabilidad, etc. by Edward S. Dodgson.
260 ## - PUBLICACIÓN, DISTRIBUCIÓN, ETC.
Lugar de publicación, distribución, etc. [S.l.] :
Nombre del editor, distribuidor, etc. Celtic Review,
Fecha de publicación, distribución, etc. 1915.
300 ## - DESCRIPCIÓN FÍSICA
Extensión 30 p. ;
Dimensiones 25 cm.
500 ## - NOTA GENERAL
Nota general Separata de "Celtic Review", volume X.
650 #4 - PUNTO DE ACCESO ADICIONAL DE MATERIA--TÉRMINO DE MATERIA
Término de materia o nombre geográfico como elemento de entrada Lengua vasca-
Subdivisión general Verbo.
9 (RLIN) 155936
852 ## - LOCALIZACIÓN
Ubicación ES-MaACL
Número de control de estantería 1539-F-3
Nota libre .- Ded. manuscrita del autor
Holdings
Estatus retirado Estado de pérdida Estado de daño No para préstamo Colección Biblioteca de origen Biblioteca actual Ubicación en estantería Fecha de adquisición Fuente de adquisición Total de préstamos Signatura topográfica completa Código de barras Visto por última vez Precio de reemplazo Tipo de ítem Koha
        Colección de folletos Biblioteca del Ateneo de Madrid Biblioteca del Ateneo de Madrid Depósito folletos 17/01/2008     1539-F-3 1060254 23/02/2023 23/02/2023 Folleto